[Event "27th Summer Universiade in Kazan (Men)"]
[Site "Kazan"]
[Date "2013.07.14"]
[Round "7.1"]
[White "Li, Chao B"]
[Black "Ma, Qun"]
[Result "1/2-1/2"]
[WhiteElo "2686"]
[BlackElo "2584"]
[PlyCount "158"]
[EventDate "2013.??.??"]

1. d4 d5 2. c4 c6 3. cxd5 cxd5 4. Bf4 Nc6 5. e3 Nf6 6. Nc3 a6 7. Be2 e6 8. Rc1
Bd6 9. Bxd6 Qxd6 10. f4 Ne4 11. Nf3 Nxc3 12. Rxc3 O-O 13. Bd3 Bd7 14. O-O f5
15. Qd2 g6 16. Rfc1 Rfc8 17. a3 Nd8 18. Rc5 Nf7 19. b4 b6 20. Rxc8+ Bxc8 21.
Ne5 Bb7 22. Qc3 Rc8 23. Qxc8+ Bxc8 24. Rxc8+ Kg7 25. Rc6 Qe7 26. Nxf7 Kxf7 27.
Bxa6 Qh4 28. Rc1 g5 29. g3 Qg4 30. Kg2 gxf4 31. exf4 Qg8 32. Rc7+ Kf6 33. Be2
Qd8 34. Rxh7 Kg6 35. Rb7 Qc8 36. Rxb6 Kf6 37. Bh5 Ke7 38. b5 Qc4 39. Rb8 Qxd4
40. b6 Kd6 41. a4 Qb2+ 42. Kh3 Qg7 43. Be2 e5 44. a5 exf4 45. a6 fxg3 46. hxg3
Qh6+ 47. Kg2 Qe3 48. Kf1 Qc1+ 49. Kf2 Qc5+ 50. Kf3 Qc3+ 51. Kg2 Qe3 52. Bh5
Qd2+ 53. Kf1 Qc1+ 54. Kf2 Qc2+ 55. Ke1 Qc3+ 56. Kf1 Qa1+ 57. Kg2 Qa2+ 58. Kh3
Qxa6 59. Bf3 Qd3 60. Kg2 Qd2+ 61. Kh3 Qg5 62. Rc8 f4 63. Bg4 Qh6+ 64. Kg2 Qg7
65. Kh3 Qh7+ 66. Kg2 Qe4+ 67. Bf3 Qg6 68. g4 Qb1 69. Rd8+ Ke7 70. Rxd5 Qxb6 71.
Re5+ Kd6 72. Rd5+ Ke6 73. Rf5 Qe3 74. Bd5+ Kd6 75. Bf3 Qd2+ 76. Kh3 Ke7 77.
Re5+ Kf6 78. Rd5 Qc1 79. g5+ Kg6 1/2-1/2

[Event "27th Summer Universiade in Kazan (Men)"]
[Site "Kazan"]
[Date "2013.07.14"]
[Round "7.2"]
[White "Alekseev, Evgeny"]
[Black "Onischuk, Vladimir"]
[Result "1-0"]
[WhiteElo "2714"]
[BlackElo "2576"]
[PlyCount "129"]
[EventDate "2013.??.??"]

1. e4 d6 2. d4 g6 3. Nf3 Bg7 4. Nc3 Bg4 5. Be3 Nc6 6. Bb5 a6 7. Bxc6+ bxc6 8.
h3 Bxf3 9. Qxf3 Rb8 10. O-O-O Qc8 11. Rd3 Qb7 12. Na4 Qa8 13. e5 Nh6 14. Rc3 c5
15. Qxa8 Rxa8 16. dxc5 Nf5 17. cxd6 cxd6 18. Bf4 dxe5 19. Bd2 O-O 20. Re1 Rfd8
21. Rc4 Rab8 22. b3 Rb5 23. Bc3 Rbd5 24. g3 Bh6+ 25. Kb2 f6 26. Rc6 Bd2 27. Re2
a5 28. Ra6 Bxc3+ 29. Nxc3 Rd2 30. Kc1 R2d6 31. Rxa5 Nd4 32. Re3 Rc6 33. Kb2
Rdc8 34. a4 Kf7 35. g4 h5 36. Ra7 hxg4 37. hxg4 Rh8 38. Rd3 Ke6 39. Rb7 Rhc8
40. Re3 Rh8 41. Rd3 Rhc8 42. a5 Ra8 43. b4 Rc4 44. Rb6+ Kd7 45. Rh3 Rac8 46.
Rd3 g5 47. Rb7+ Ke6 48. a6 Ra8 49. b5 Rb4+ 50. Kc1 Kd6 51. Ne2 Rc4 52. c3 Kc5
53. Nxd4 exd4 54. Kd2 e5 55. cxd4+ exd4 56. Rf3 Kb4 57. a7 Rac8 58. Rb8 Rc2+
59. Kd3 R8c3+ 60. Ke4 Re2+ 61. Kd5 Rxf3 62. a8=Q d3 63. Qa1 Re5+ 64. Kd6 Re2
65. Qd4+ 1-0

[Event "27th Summer Universiade in Kazan (Men)"]
[Site "Kazan"]
[Date "2013.07.14"]
[Round "7.3"]
[White "Hovhannisyan, Robert"]
[Black "So, Wesley"]
[Result "1/2-1/2"]
[WhiteElo "2620"]
[BlackElo "2708"]
[PlyCount "90"]
[EventDate "2013.??.??"]

1. e4 c5 2. Nc3 Nc6 3. Bb5 Nd4 4. Nf3 a6 5. Bd3 Nc6 6. Be2 b5 7. d4 cxd4 8.
Nxd4 Bb7 9. O-O e6 10. Bf4 d6 11. Nxc6 Bxc6 12. Qd3 b4 13. Nb1 Nf6 14. Nd2 Bb5
15. Qf3 Bxe2 16. Qxe2 d5 17. Be5 Be7 18. exd5 Qxd5 19. Nc4 Qc6 20. Rac1 O-O 21.
c3 a5 22. Nd2 Qa4 23. Bxf6 gxf6 24. cxb4 axb4 25. Rc7 Bd6 26. Rc4 Qxa2 27. Qh5
Rfc8 28. Rg4+ Kf8 29. Qxh7 Ke7 30. Rg7 Rf8 31. Nf3 Qxb2 32. Qe4 Ra1 33. Qb7+
Kd8 34. g3 Rxf1+ 35. Kxf1 Bc5 36. Qb8+ Kd7 37. Qb5+ Kd6 38. Qd3+ Ke7 39. Nd2 b3
40. Qb5 Qxd2 41. Qxc5+ Qd6 42. Qa7+ Kd8 43. Qa5+ Qc7 44. Qa8+ Qc8 45. Qa5+ Qc7
1/2-1/2

[Event "27th Summer Universiade in Kazan (Men)"]
[Site "Kazan"]
[Date "2013.07.14"]
[Round "7.4"]
[White "Zhou, Jianchao"]
[Black "Matlakov, Maxim"]
[Result "1/2-1/2"]
[WhiteElo "2572"]
[BlackElo "2665"]
[PlyCount "44"]
[EventDate "2013.??.??"]

1. c4 c5 2. Nf3 Nc6 3. Nc3 Nf6 4. g3 g6 5. Bg2 Bg7 6. d4 cxd4 7. Nxd4 O-O 8.
O-O Qa5 9. Nb3 Qh5 10. h3 d6 11. g4 Bxg4 12. hxg4 Nxg4 13. Bf4 Be5 14. Qd2 g5
15. Bxe5 Ncxe5 16. Rfc1 Nxc4 17. Qd3 Nce3 18. fxe3 Qh4 19. Nd5 Qf2+ 20. Kh1
Qh4+ 21. Kg1 Qf2+ 22. Kh1 Qh4+ 1/2-1/2

[Event "27th Summer Universiade in Kazan (Men)"]
[Site "Kazan"]
[Date "2013.07.14"]
[Round "7.7"]
[White "Sjugirov, Sanan"]
[Black "Abdyjapar, Asyl"]
[Result "1/2-1/2"]
[WhiteElo "2647"]
[BlackElo "2400"]
[PlyCount "54"]
[EventDate "2013.??.??"]

1. d4 Nf6 2. c4 g6 3. g3 Bg7 4. Bg2 d5 5. cxd5 Nxd5 6. Nf3 O-O 7. O-O Na6 8.
Nc3 c5 9. Nxd5 Qxd5 10. Be3 cxd4 11. Nxd4 Qh5 12. Qb3 Rb8 13. Rac1 Rd8 14. Rfd1
Bg4 15. a4 Rd7 16. Nb5 Be6 17. Qc2 Nb4 18. Qe4 Rxd1+ 19. Rxd1 Qxe2 20. Bf3 Qxb2
21. Bxa7 Rf8 22. Nc7 Bf5 23. Qxb7 Bc2 24. Rf1 Bd3 25. Rd1 Bc2 26. Rf1 Bd3 27.
Rd1 Bc2 1/2-1/2

[Event "27th Summer Universiade in Kazan (Men)"]
[Site "Kazan"]
[Date "2013.07.14"]
[Round "7.8"]
[White "Mammadov, Zaur"]
[Black "Kravtsiv, Martyn"]
[Result "1/2-1/2"]
[WhiteElo "2437"]
[BlackElo "2620"]
[PlyCount "34"]
[EventDate "2013.??.??"]

1. e4 e5 2. Nf3 Nc6 3. Nc3 Nf6 4. d4 exd4 5. Nxd4 Bb4 6. Nxc6 bxc6 7. Bd3 O-O
8. O-O Re8 9. Qf3 d6 10. Bg5 Rb8 11. Ne2 Bc5 12. b3 Bg4 13. Qf4 Bxe2 14. Bxe2
Bd4 15. Rad1 c5 16. Bc4 Qe7 17. Rfe1 h6 1/2-1/2

[Event "27th Summer Universiade in Kazan (Men)"]
[Site "Kazan"]
[Date "2013.07.14"]
[Round "7.9"]
[White "Farid, Firman Syah"]
[Black "Moranda, Wojciech"]
[Result "1/2-1/2"]
[WhiteElo "2396"]
[BlackElo "2570"]
[PlyCount "56"]
[EventDate "2013.??.??"]

1. d4 Nf6 2. c4 g6 3. Nc3 Bg7 4. Nf3 d6 5. g3 O-O 6. Bg2 Nbd7 7. O-O e5 8. e3
c6 9. b3 Re8 10. Bb2 exd4 11. exd4 d5 12. cxd5 Nxd5 13. Nxd5 cxd5 14. Re1 Rxe1+
15. Qxe1 Nf6 16. Bc1 Bf5 17. Bf4 Be4 18. Rc1 Rc8 19. Rc3 Nd7 20. Bh3 Rc6 21.
Ng5 Rxc3 22. Qxc3 h6 23. Nxe4 dxe4 24. Qe3 g5 25. Bd6 Qb6 26. Bc5 Nxc5 27. dxc5
Qb4 28. Bf5 Bd4 1/2-1/2

[Event "27th Summer Universiade in Kazan (Men)"]
[Site "Kazan"]
[Date "2013.07.14"]
[Round "7.10"]
[White "Tazbir, Marcin"]
[Black "Georgescu, Tiberiu-Marian"]
[Result "0-1"]
[WhiteElo "2561"]
[BlackElo "2396"]
[PlyCount "110"]
[EventDate "2013.??.??"]

1. d4 Nf6 2. Nf3 e6 3. g3 b6 4. Bg2 Bb7 5. O-O c5 6. c4 cxd4 7. Qxd4 Bc5 8. Qf4
d5 9. Nc3 O-O 10. Rd1 Qe7 11. cxd5 Nxd5 12. Nxd5 Bxd5 13. b3 Nd7 14. Bb2 Rfd8
15. Rd2 Bb4 16. Rd3 Bd6 17. Qg5 Qf8 18. Qh5 Be4 19. Ng5 Bg6 20. Qh3 Nc5 21. Rd4
Rac8 22. Nxh7 Qe7 23. Rh4 f6 24. Bf3 Nd7 25. Bg4 f5 26. e4 fxg4 27. Rxg4 Bxh7
28. Rxg7+ Qxg7 29. Bxg7 Kxg7 30. Qxe6 Nc5 31. Qg4+ Kh8 32. f3 Be5 33. Rc1 Rg8
34. Qh5 Bd4+ 35. Kh1 Rcd8 36. e5 Rde8 37. f4 Ne6 38. Rd1 Ng7 39. Qh4 Rd8 40. g4
Bf2 41. Qxf2 Rxd1+ 42. Kg2 Rgd8 43. Qh4 R1d2+ 44. Kf1 Rf8 45. f5 Nxf5 46. gxf5
Rxf5+ 47. Ke1 Rd5 48. e6 Rfe5+ 49. Kf2 Rxe6 50. Qc4 Rf6+ 51. Kg3 Rg5+ 52. Kh4
Rg7 53. Qc8+ Bg8 54. Kh5 Rf2 55. h3 Kh7 0-1

[Event "27th Summer Universiade in Kazan (Men)"]
[Site "Kazan"]
[Date "2013.07.14"]
[Round "7.12"]
[White "Yu, Yangyi"]
[Black "Atabayev, Maksat"]
[Result "1/2-1/2"]
[WhiteElo "2657"]
[BlackElo "2460"]
[PlyCount "146"]
[EventDate "2013.??.??"]

1. e4 e5 2. Nf3 Nf6 3. Nxe5 d6 4. Nf3 Nxe4 5. d4 Be7 6. Bd3 Nf6 7. h3 O-O 8.
O-O Re8 9. c4 Nbd7 10. Nc3 Nf8 11. Re1 Ng6 12. Qc2 c6 13. Bd2 Bd7 14. Re2 Bf8
15. Rxe8 Qxe8 16. Ne2 d5 17. Re1 dxc4 18. Bxc4 Be6 19. Nc3 Qd7 20. Bxe6 fxe6
21. Ng5 Re8 22. Qb3 Nd5 23. Nce4 Be7 24. Nc5 Bxc5 25. dxc5 b5 26. Ne4 Rf8 27.
a4 a6 28. Nd6 Qe7 29. axb5 axb5 30. Qg3 Qf6 31. Ne4 Qe5 32. Qg4 Qf5 33. Qxf5
exf5 34. Nd6 f4 35. Ba5 b4 36. Re6 b3 37. Nc4 Nge7 38. Bd2 Ra8 39. Na5 Kf7 40.
Rd6 Rc8 41. Rd7 Kf6 42. Rb7 Nf5 43. Nxb3 h5 44. Na5 g5 45. Rh7 Kg6 46. Rd7 Kf6
47. b4 Ke6 48. Ra7 g4 49. Ra6 Nd4 50. b5 Nxb5 51. Rxc6+ Rxc6 52. Nxc6 f3 53.
gxf3 gxf3 54. Kh2 Nf6 55. Nb4 Ne4 56. Be3 Nbc3 57. c6 Ne2 58. Bb6 Kd6 59. c7
Kd7 60. Nc6 Nd6 61. Ne5+ Kc8 62. h4 Nf4 63. Kg3 Nd5 64. Ba5 Nf5+ 65. Kh3 Nxc7
66. Bxc7 Kxc7 67. Nxf3 Kd6 68. Nd2 Ke5 69. Nf1 Kf4 70. Ng3 Nxg3 71. fxg3+ Kf3
72. Kh2 Kf2 73. Kh3 Kf3 1/2-1/2

[Event "27th Summer Universiade in Kazan (Men)"]
[Site "Kazan"]
[Date "2013.07.14"]
[Round "7.13"]
[White "Tomczak, Jacek"]
[Black "Anton, Teodor"]
[Result "1-0"]
[WhiteElo "2564"]
[BlackElo "2438"]
[PlyCount "67"]
[EventDate "2013.??.??"]

1. e4 c5 2. Nf3 d6 3. d4 cxd4 4. Nxd4 Nf6 5. Nc3 a6 6. Bc4 e6 7. Bb3 Nbd7 8.
O-O Nc5 9. Re1 Be7 10. f4 O-O 11. e5 dxe5 12. fxe5 Nxb3 13. axb3 Bc5 14. Be3
Nd5 15. Bf2 Nxc3 16. bxc3 f5 17. exf6 Qxf6 18. Be3 Bd7 19. Qd2 Bxd4 20. Bxd4
Qf4 21. Re3 Bc6 22. Qe2 Rad8 23. Rd1 Rf5 24. Rg3 e5 25. Be3 Rxd1+ 26. Qxd1 Qe4
27. Bh6 g6 28. Qd8+ Kf7 29. Qf8+ Ke6 30. Qg8+ Kd6 31. h3 Qxc2 32. Qxh7 Rf6 33.
Bf8+ Kd5 34. Qg8+ 1-0

[Event "27th Summer Universiade in Kazan (Men)"]
[Site "Kazan"]
[Date "2013.07.14"]
[Round "7.14"]
[White "Durarbayli, Vasif"]
[Black "Atabayev, Yusup"]
[Result "1-0"]
[WhiteElo "2549"]
[BlackElo "2431"]
[PlyCount "75"]
[EventDate "2013.??.??"]

1. e4 c5 2. Nf3 d6 3. d4 cxd4 4. Nxd4 Nf6 5. Nc3 a6 6. Be2 e5 7. Nb3 Be7 8. O-O
O-O 9. Re1 Be6 10. Bf3 h6 11. a4 Qc7 12. h3 Nbd7 13. Nd2 Rfc8 14. Nf1 Rab8 15.
Ne3 b5 16. axb5 axb5 17. Bd2 b4 18. Ncd5 Bxd5 19. exd5 e4 20. Be2 Ne5 21. Ra4
Qc5 22. c4 Bd8 23. b3 g6 24. Nc2 Nxd5 25. Qa1 Bf6 26. Ra5 Qb6 27. Rxd5 Nf3+ 28.
gxf3 Bxa1 29. Rxa1 exf3 30. Bxf3 Qd8 31. Ra6 Qf6 32. Nd4 Ra8 33. Raxd6 Qh4 34.
Bg4 Re8 35. Nf3 Qe7 36. Kg2 Qe4 37. Bd7 Red8 38. Bc6 1-0

[Event "27th Summer Universiade in Kazan (Men)"]
[Site "Kazan"]
[Date "2013.07.14"]
[Round "7.15"]
[White "Baryshpolets, Andrey"]
[Black "Munkhgal, Gombosuren"]
[Result "1-0"]
[WhiteElo "2544"]
[BlackElo "2406"]
[PlyCount "93"]
[EventDate "2013.??.??"]

1. d4 Nf6 2. c4 e6 3. g3 d5 4. Bg2 dxc4 5. Nf3 Bb4+ 6. Bd2 c5 7. Bxb4 cxb4 8.
Ne5 O-O 9. a3 Nc6 10. Bxc6 bxc6 11. axb4 Qb6 12. O-O Qxb4 13. Qd2 c5 14. Qxb4
cxb4 15. Rc1 Bb7 16. Nd2 c3 17. bxc3 a5 18. f3 Nd5 19. cxb4 axb4 20. Kf2 Rfd8
21. Nb3 Ra3 22. Nc5 Rxa1 23. Rxa1 Ra8 24. Rxa8+ Bxa8 25. Ned3 Nc3 26. Nxb4 Nd1+
27. Ke1 Ne3 28. Na4 g5 29. Nc3 Kg7 30. Kf2 Nc4 31. e4 h5 32. Ke2 h4 33. gxh4
gxh4 34. Nd1 Kg6 35. Ne3 Nd6 36. Nd3 f5 37. Nf4+ Kf7 38. exf5 exf5 39. Neg2 Nb5
40. Ke3 h3 41. Nxh3 Nxd4 42. Kxd4 f4 43. Ngxf4 Bxf3 44. Ng5+ Kf6 45. Nxf3 Kf5
46. Ke3 Kg4 47. h3+ 1-0

[Event "27th Summer Universiade in Kazan (Men)"]
[Site "Kazan"]
[Date "2013.07.14"]
[Round "7.16"]
[White "Galmandakh, Badrakh"]
[Black "Bulski, Krzysztof"]
[Result "0-1"]
[WhiteElo "2203"]
[BlackElo "2534"]
[PlyCount "128"]
[EventDate "2013.??.??"]

1. g3 d5 2. Bg2 Nf6 3. Nf3 g6 4. O-O Bg7 5. c4 O-O 6. cxd5 Nxd5 7. Nc3 Nb6 8.
d3 Nc6 9. Bd2 Re8 10. Rc1 h6 11. Qc2 Bg4 12. Qb1 e5 13. h3 Be6 14. Ne4 Nd5 15.
b4 Nd4 16. Nxd4 exd4 17. Nc5 Bc8 18. Rfe1 c6 19. b5 b6 20. bxc6 bxc5 21. c7 Qd6
22. Qb5 Nxc7 23. Qc6 Be5 24. Ba5 Bd7 25. Qxc5 Qxc5 26. Rxc5 Rac8 27. Bb7 Na6
28. Rd5 Rc5 29. Rxd7 Rxa5 30. Bd5 Rf8 31. Bc4 Nc5 32. Rd5 Nb7 33. Rd7 Nc5 34.
Rd5 Nb7 35. Rd7 Nd6 36. Bb3 g5 37. Rc1 Nf5 38. Rc6 Kg7 39. Be6 Bb8 40. Bc4 Re5
41. Kf1 Re7 42. Rd5 Re5 43. Rd7 Ne7 44. Ra6 Nc8 45. Rc6 Nb6 46. Rxd4 Nxc4 47.
Rdxc4 Ra5 48. a4 Rd8 49. d4 Rd6 50. Rc8 Rb6 51. e4 f6 52. Ke2 Bd6 53. R8c6 Rxc6
54. Rxc6 Bb4 55. f4 gxf4 56. gxf4 Rxa4 57. e5 Be7 58. Kd3 fxe5 59. fxe5 Bh4 60.
Rc7+ Kg6 61. Rc6+ Kg7 62. Rc7+ Kf8 63. d5 Bg3 64. d6 Bxe5 {Kd4} 0-1

[Event "27th Summer Universiade in Kazan (Men)"]
[Site "Kazan"]
[Date "2013.07.14"]
[Round "7.17"]
[White "Batchuluun, Tsegmed"]
[Black "Stanciu, Alexandru-Ovidiu"]
[Result "1-0"]
[WhiteElo "2517"]
[BlackElo "2346"]
[PlyCount "111"]
[EventDate "2013.??.??"]

1. d4 Nf6 2. c4 c5 3. d5 e6 4. Nc3 exd5 5. cxd5 d6 6. Nf3 g6 7. e4 Bg7 8. h3
O-O 9. Bd3 a6 10. a4 Re8 11. O-O Nh5 12. Re1 Nd7 13. Bg5 Bf6 14. Be3 Ne5 15.
Be2 Nxf3+ 16. Bxf3 Ng7 17. a5 Bd7 18. Na4 Rb8 19. Qc2 Be5 20. Nb6 Bb5 21. Rab1
f5 22. b4 cxb4 23. Rxb4 Qf6 24. Rxb5 axb5 25. Nd7 Qh4 26. Nxb8 fxe4 27. Bg4
Rxb8 28. Qxe4 Qf6 29. Rb1 Re8 30. Qd3 h5 31. Bd7 Re7 32. Qxb5 Nf5 33. Bxf5 gxf5
34. Bb6 Qg6 35. Qd3 Rg7 36. Qf3 Qg5 37. Be3 f4 38. Bb6 Kh7 39. Rc1 Kh6 40. Rc8
Rf7 41. Re8 Qf5 42. Re6+ Kh7 43. Kh2 Rg7 44. Re8 Rf7 45. Bd8 Kh6 46. Re6+ Kh7
47. Be7 Bg7 48. Bxd6 Rd7 49. Bxf4 Rxd5 50. Re7 Rb5 51. Qg3 Qg6 52. Qc3 Kh8 53.
Qc8+ Kh7 54. Qc3 Kh8 55. Qc8+ Kh7 56. Qd7 1-0

[Event "27th Summer Universiade in Kazan (Men)"]
[Site "Kazan"]
[Date "2013.07.14"]
[Round "7.18"]
[White "Nigalidze, Gaioz"]
[Black "Kantans, Toms"]
[Result "1-0"]
[WhiteElo "2497"]
[BlackElo "2343"]
[PlyCount "149"]
[EventDate "2013.??.??"]

1. d4 Nf6 2. Nf3 g6 3. Nc3 d5 4. Bf4 Bg7 5. e3 O-O 6. Be2 c6 7. h3 Nbd7 8. O-O
b5 9. a3 a5 10. Bd3 Nb6 11. Ne5 Bb7 12. Re1 Nfd7 13. Nf3 b4 14. Ne2 c5 15. Bb5
f6 16. dxc5 Nxc5 17. axb4 axb4 18. Qd4 Na6 19. Bxa6 Bxa6 20. Qxb4 e5 21. Bg3
Rf7 22. b3 Bf8 23. Qd2 Qc8 24. Red1 Rfa7 25. Ra5 Bxe2 26. Rxa7 Rxa7 27. Qxe2
Ra2 28. Ne1 Qc6 29. Qf3 Qe6 30. Kh2 h5 31. e4 d4 32. c3 dxc3 33. Qxc3 Ra3 34.
Rd3 Na4 35. Qc1 Rxb3 36. Rd8 Rb7 37. Nf3 Rf7 38. Qh6 Rg7 39. Nh4 Qf7 40. f4
exf4 41. Bxf4 Nc5 42. Bd6 Ne6 43. Rb8 Qd7 44. e5 Qf7 45. Ra8 Qb7 46. Rb8 Qf7
47. Ra8 Qb7 48. Bxf8 Qxa8 49. Bxg7 Nxg7 50. Qxg6 Qe8 51. Qxf6 Qe6 52. Qd8+ Kh7
53. Nf3 Qf5 54. Qd2 Ne6 55. Kg3 Kg7 56. Qd7+ Kg8 57. Qd2 Kg7 58. Qe3 Qg6+ 59.
Kh2 Qf5 60. Nh4 Qf4+ 61. Qxf4 Nxf4 62. Kg3 Nd3 63. Nf3 Kg6 64. Kh4 Nf4 65. g4
hxg4 66. hxg4 Nd3 67. Kg3 Kf7 68. g5 Kg6 69. Kg4 Nf2+ 70. Kf4 Nd3+ 71. Ke4 Nb4
72. e6 Kg7 73. Ke5 Kf8 74. Kd6 Nc2 75. Kd7 1-0

[Event "27th Summer Universiade in Kazan (Men)"]
[Site "Kazan"]
[Date "2013.07.14"]
[Round "7.19"]
[White "Meskovs, Nikita"]
[Black "Gundavaa, Bayarsaikhan"]
[Result "1-0"]
[WhiteElo "2372"]
[BlackElo "2516"]
[PlyCount "57"]
[EventDate "2013.??.??"]

1. d4 Nf6 2. c4 e6 3. Nc3 Bb4 4. e3 O-O 5. Bd3 d5 6. Nf3 c5 7. O-O cxd4 8. exd4
dxc4 9. Bxc4 b6 10. Re1 h6 11. Qd3 Nc6 12. Bb3 Bd6 13. a3 Bb7 14. Bc2 Ne7 15.
Bd2 Rc8 16. Rad1 Nf5 17. Ne5 Re8 18. Bc1 Qc7 19. Bb1 a6 20. Qh3 Rcd8 21. Bf4
Qc8 22. g4 Bxe5 23. Bxe5 Qc6 24. f3 Nxd4 25. Rxd4 Qc5 26. Red1 Nd5 27. Ne4 Qe7
28. g5 Ne3 29. Nf6+ 1-0

[Event "27th Summer Universiade in Kazan (Men)"]
[Site "Kazan"]
[Date "2013.07.14"]
[Round "7.20"]
[White "Pham, Chuong"]
[Black "Abasov, Nijat"]
[Result "1/2-1/2"]
[WhiteElo "2365"]
[BlackElo "2498"]
[PlyCount "132"]
[EventDate "2013.??.??"]

1. d4 Nf6 2. c4 c6 3. Nc3 d5 4. cxd5 Nxd5 5. e4 Nxc3 6. bxc3 e5 7. Nf3 exd4 8.
cxd4 Bg4 9. Be2 Bxf3 10. Bxf3 Bb4+ 11. Kf1 Bc3 12. Rb1 Bxd4 13. Rxb7 O-O 14.
Bb2 Bxb2 15. Rxb2 Qf6 16. Rd2 Na6 17. g3 Rad8 18. Kg2 Nc7 19. Re1 c5 20. Rxd8
Rxd8 21. Qa4 Qb6 22. Rd1 Rd4 23. Rxd4 cxd4 24. Qd7 g6 25. Bd1 Ne6 26. Bb3 a5
27. h4 h5 28. Kf3 Kf8 29. Bc4 Nd8 30. e5 Kg7 31. Qd6 Qb7+ 32. Bd5 Qc8 33. Kg2
d3 34. Be4 Ne6 35. Qxd3 Qc5 36. Qd5 Qb4 37. Bd3 Qg4 38. Qe4 Nd4 39. Qd5 Ne6 40.
Qf3 Qd4 41. Qe4 Qd7 42. Bc4 Nc5 43. Qd5 Qxd5+ 44. Bxd5 Nd3 45. f4 f6 46. exf6+
Kxf6 47. Kf3 Nb4 48. Bc4 Nc6 49. Ke3 Ne7 50. Bd3 Ke6 51. Kf3 Kf6 52. g4 hxg4+
53. Kxg4 Nd5 54. Kf3 Ne7 55. Be4 Nc8 56. Ke3 Nd6 57. Bd3 a4 58. a3 Nf5+ 59.
Bxf5 Kxf5 60. Kf3 Ke6 61. Kg3 Kf5 62. Kf3 Ke6 63. Kg4 Kf6 64. f5 gxf5+ 65. Kf4
Kg6 66. Ke5 Kh5 1/2-1/2

[Event "27th Summer Universiade in Kazan (Men)"]
[Site "Kazan"]
[Date "2013.07.14"]
[Round "7.21"]
[White "Ibarra Chami, Luis Fernando"]
[Black "Tologontegin, Semetey"]
[Result "1-0"]
[WhiteElo "2482"]
[BlackElo "2370"]
[PlyCount "51"]
[EventDate "2013.??.??"]

1. Nf3 d6 2. d4 Nd7 3. e4 Ngf6 4. e5 Nd5 5. c4 N5b6 6. e6 fxe6 7. Ng5 Nf6 8.
Bd3 c6 9. a4 a5 10. Ra3 g6 11. Qe2 Bg7 12. h4 e5 13. h5 e4 14. Nxe4 Nxe4 15.
Bxe4 Kd7 16. c5 d5 17. Qg4+ e6 18. Rf3 dxe4 19. Rf7+ Ke8 20. hxg6 Qxd4 21. cxb6
hxg6 22. Rxh8+ Kxf7 23. Qf4+ Bf6 24. Qc7+ Bd7 25. Rxa8 Be5 26. Qd8 1-0

[Event "27th Summer Universiade in Kazan (Men)"]
[Site "Kazan"]
[Date "2013.07.14"]
[Round "7.22"]
[White "Nestorovic, Nikola"]
[Black "Hajbok, Robert"]
[Result "0-1"]
[WhiteElo "2461"]
[BlackElo "2367"]
[PlyCount "122"]
[EventDate "2013.??.??"]

1. e4 c5 2. Nf3 d6 3. d4 cxd4 4. Nxd4 Nf6 5. Nc3 a6 6. h3 e6 7. g4 Be7 8. Bg2
Nfd7 9. Be3 Nc6 10. h4 Nde5 11. g5 Nc4 12. Bc1 O-O 13. b3 Qa5 14. Nde2 Na3 15.
O-O b5 16. Bd2 Qc7 17. Qc1 b4 18. Na4 a5 19. c4 e5 20. Be3 Rb8 21. Qd2 Bd7 22.
Nb2 Nd8 23. f4 Nb7 24. Nd3 Nc5 25. f5 f6 26. Ng3 Bc6 27. Rad1 Qb7 28. Nxc5 dxc5
29. Qf2 Qa7 30. Nh5 Kh8 31. g6 Rfd8 32. gxh7 Bf8 33. Bf3 Qe7 34. Ng3 Rxd1 35.
Rxd1 Be8 36. Nf1 Bf7 37. Qd2 Rb6 38. Qd8 Rd6 39. Qxa5 Rxd1 40. Bxd1 Qd6 41. Qa7
Be8 42. Bf3 Nc2 43. Bf2 Nd4 44. Bxd4 exd4 45. Qb7 Kxh7 46. Qd5 Qf4 47. Kg2 Bd6
48. Qe6 Bc6 49. Qf7 Qxh4 50. Qe6 Qf4 51. Qf7 Qg5+ 52. Kf2 d3 53. Qg6+ Qxg6 54.
fxg6+ Kxg6 55. Ke3 Be5 56. Kxd3 Kg5 57. Ne3 Kf4 58. Bh1 g5 59. Nd5+ Kg3 60. Ne7
Bd7 61. Ng6 Kf2 {Kd4} 0-1

[Event "27th Summer Universiade in Kazan (Men)"]
[Site "Kazan"]
[Date "2013.07.14"]
[Round "7.23"]
[White "Rzayev, Bahruz"]
[Black "Zulkifli, Muhd Syazwan"]
[Result "1-0"]
[WhiteElo "2429"]
[BlackElo "2063"]
[PlyCount "49"]
[EventDate "2013.??.??"]

1. e4 c5 2. Nf3 d6 3. d4 cxd4 4. Nxd4 Nf6 5. Nc3 a6 6. Be2 e6 7. O-O Be7 8. a4
b6 9. f4 Qc7 10. Bf3 Bb7 11. e5 dxe5 12. fxe5 Nfd7 13. Bxb7 Qxb7 14. Qg4 Nc6
15. Nxc6 Qxc6 16. Kh1 O-O-O 17. Qe2 f6 18. Qxa6+ Kb8 19. a5 Qb7 20. Qe2 f5 21.
axb6 Nxb6 22. Be3 Rd7 23. Ra6 Bd8 24. Rfa1 g5 25. Qb5 1-0

[Event "27th Summer Universiade 2013 Kazan,Russ"]
[Site "Kazan,Russia"]
[Date "2013.07.14"]
[Round "7.25"]
[White "Nguyen, Van Hai"]
[Black "Mazur, Stefan"]
[Result "1/2-1/2"]
[WhiteElo "2353"]
[BlackElo "2409"]
[PlyCount "120"]
[EventDate "2013.07.09"]

1. d4 Nf6 2. Bg5 Ne4 3. Bf4 c5 4. f3 Qa5+ 5. c3 Nf6 6. d5 Qb6 7. e4 Qxb2 8. Nd2
Qxc3 9. Bc7 d6 10. Ne2 Qe3 11. Nc4 Qh6 12. Bxb8 Rxb8 13. Qa4+ Bd7 14. Qxa7 Rd8
15. Rb1 g6 16. Rxb7 Bg7 17. Nb6 O-O 18. e5 dxe5 19. Nxd7 Nxd7 20. Rxd7 e4 21.
Rxd8 Rxd8 22. f4 Qh5 23. Qxc5 Rxd5 24. Qc8+ Bf8 25. Qh3 Qxh3 26. gxh3 Ra5 27.
Ng3 Ra4 28. Rg1 Rxa2 29. Nxe4 Ra4 30. Bg2 Bh6 31. Rf1 Ra1+ 32. Ke2 Rxf1 33.
Bxf1 Bxf4 34. Ng3 h5 35. Kf3 Bc7 36. h4 Kg7 37. h3 Ba5 38. Ne4 Be1 39. Nf2 f5
40. Bb5 Kf6 41. Be8 e5 42. Ke2 Ba5 43. Nd3 Bc7 44. Nb4 Kg7 45. Nc6 Bd6 46. Kd3
e4+ 47. Kd4 Kf6 48. Na5 Bg3 49. Nc4 Bf2+ 50. Kd5 Bxh4 51. Ne5 e3 52. Bb5 Bg3
53. Nf3 g5 54. Kd4 Bf2 55. Kd3 g4 56. hxg4 fxg4 57. Ke2 Kf5 58. Be8 g3 59. Bxh5
g2 60. Be8 g1=Q 1/2-1/2

[Event "27th Summer Universiade 2013 Kazan,Russ"]
[Site "Kazan,Russia"]
[Date "2013.07.14"]
[Round "7.26"]
[White "Ferreira, Jorge Viterbo"]
[Black "Gaehler, Marco"]
[Result "1-0"]
[WhiteElo "2401"]
[BlackElo "2317"]
[PlyCount "51"]
[EventDate "2013.07.09"]

1. e4 e6 2. d4 d5 3. exd5 exd5 4. Nf3 Bd6 5. c4 Nf6 6. Nc3 O-O 7. h3 Nbd7 8. c5
Be7 9. Bf4 b6 10. b4 a5 11. a3 c6 12. Bd3 Bb7 13. O-O Nh5 14. Bh2 f5 15. Re1 g6
16. Qb3 Re8 17. b5 Nhf6 18. bxc6 Bxc6 19. Re6 a4 20. Qa2 Rc8 21. Rxc6 Rxc6 22.
Bb5 Rc8 23. c6 Nf8 24. c7 Rxc7 25. Bxc7 Qxc7 26. Nxd5 1-0

[Event "27th Summer Universiade 2013 Kazan,Russ"]
[Site "Kazan,Russia"]
[Date "2013.07.14"]
[Round "7.27"]
[White "Jurcik, Marian"]
[Black "Kalnins, Kristaps"]
[Result "0-1"]
[WhiteElo "2512"]
[BlackElo "2269"]
[PlyCount "66"]
[EventDate "2013.07.09"]

1. e4 e5 2. Nf3 Nc6 3. Bb5 a6 4. Ba4 Nf6 5. O-O b5 6. Bb3 Be7 7. d3 d6 8. a4 b4
9. Nbd2 O-O 10. a5 Rb8 11. h3 Nd7 12. Bd5 Bb7 13. Re1 Kh8 14. c3 bxc3 15. bxc3
Nxa5 16. Bxf7 Rxf7 17. Rxa5 Nc5 18. Qc2 Ne6 19. Ra2 Bc8 20. d4 Nf4 21. dxe5
Bxh3 22. gxh3 Qd7 23. Re3 Qxh3 24. Ne1 Qg4+ 25. Kf1 Bh4 26. Rf3 Rbf8 27. Rxa6
Bxf2 28. Kxf2 Qh4+ 29. Ke3 Qxe1+ 30. Kd4 c5+ 31. Kc4 Qe2+ 32. Rd3 Nxd3 33. Qxd3
d5+ 0-1

[Event "27th Summer Universiade 2013 Kazan,Russ"]
[Site "Kazan,Russia"]
[Date "2013.07.14"]
[Round "7.28"]
[White "Soares, Erikson Roberto Mau"]
[Black "Lapcevic, Milos"]
[Result "0-1"]
[WhiteElo "2193"]
[BlackElo "2403"]
[PlyCount "71"]
[EventDate "2013.07.09"]

1. Nf3 c5 2. g3 b6 3. Bg2 Bb7 4. c4 Nf6 5. Nc3 e6 6. O-O Be7 7. Re1 a6 8. e4 d6
9. d4 cxd4 10. Nxd4 Qc7 11. Be3 O-O 12. Rc1 Nbd7 13. f4 g6 14. b4 Rac8 15. a3
Qb8 16. Qe2 Rfe8 17. Nb3 Rc7 18. e5 dxe5 19. fxe5 Nh5 20. Ne4 Nxe5 21. g4 Bxe4
22. Bxe4 Nf6 23. Bf4 Nfd7 24. c5 bxc5 25. Nxc5 Qb6 26. Kh1 Bd6 27. Nxa6 Rxc1
28. Rxc1 Nf6 29. Be3 Qd8 30. Bg5 h6 31. Bxf6 Qxf6 32. a4 Qh4 33. Qe1 Qxg4 34.
Rd1 Rd8 35. Bg2 Qh5 36. Nc5 0-1